Biblioteca

La gloria de Dios en la sociedad (Registro nro. 70053)

Detalles MARC
000 -LÍDER
Campo fijo de descripción fija 01470nab a2200229 i 4500
001 - NÚMERO DE CONTROL
Campo de control 768714001
003 - IDENTIFICADOR DEL NÚMERO DE CONTROL
Campo de control CO-MdFUSB
005 - FECHA Y HORA DE LA ULTIMA TRANSACCIÓN
control field 20240609112412.0
008 - ELEMENTOS DE LONGITUD FIJA -- INFORMACIÓN GENERAL
Campo fijo de descripción fija -- Información general 240604t1977 ag ||||| |||| 00| 0 spa d
040 ## - FUENTE DE CATALOGACIÓN
Idioma de catalogación spa
Agencia que realiza la transcripción CO-MdFUSB
Agencia que realiza la modificación CO-MdFUSB
041 ## - CÓDIGO DE IDIOMA
Código de idioma para texto/pista de sonido o título separado spa
100 ## - ASIENTO PRINCIPAL--NOMBRE PERSONAL
Nombre personal Perkins, John,
Fechas asociadas con el nombre 1945-
Término relacionador autor
245 #3 - TÍTULO
Título La gloria de Dios en la sociedad
Mención de responsabilidad / John Perkins
520 ## - NOTA DE RESUMEN, ETC.
Nota de sumario, etc. Narra la experiencia de vida de John Perkins, quien en 1957, Dios comenzó a llamarlo a predicar Su gloria en la sociedad. Ese fue el año de su conversión. Este expresa los siguiente " Lo que necesitamos es un cambio creado por Jesucristo en nuestra conducta institucional, un cambio similar al que puede ocurrir a nivel personal. Cuando nos comprometemos con una redistribución justa en términos de la creación de una nueva economía en comunidades marginadas, entonces podemos ver cómo Jesús se da a sí mismo por medio nuestro. El Cuerpo de Cristo se convierte en un modelo corporativo por medio del cual podemos vivir una alternativa creadora que rompa los ciclos de la riqueza y la pobreza que oprimen a la gente."
650 #0 - ASIENTO SECUNDARIO DE MATERIA - TERMINO TEMÁTICO
Término temático o nombre geográfico como elemento de entrada Biografías cristianas
9 (RLIN) 1238
650 #7 - ASIENTO SECUNDARIO DE MATERIA - TERMINO TEMÁTICO
Término temático o nombre geográfico como elemento de entrada Fe
9 (RLIN) 531
650 #0 - ASIENTO SECUNDARIO DE MATERIA - TERMINO TEMÁTICO
Término temático o nombre geográfico como elemento de entrada Evangelización
9 (RLIN) 362
650 #0 - ASIENTO SECUNDARIO DE MATERIA - TERMINO TEMÁTICO
Término temático o nombre geográfico como elemento de entrada Vida cristiana
9 (RLIN) 19
773 0# - ASIENTO DE ITEM FUENTE
Biblionumber 69974
Itemnumber 82718
Lugar, editorial y fecha de publicación Buenos Aires
Otro identificador del ítem R2610
Título Certeza
Número de control del registro (CO-MdFUSB)768714001
Parte(s) relacionada(s) / Volumen., número. (mes año), páginas Número 67, (abril- junio, 1977) páginas: 70 - 73
Enumeración y primera página página: 70
942 ## - TIPO DE MATERIAL (KOHA)
Tipo de Item KOHA Artículos de Revista
945 ## - INFORMACIÓN LOCAL DEL REGISTRO
Catalogador Catherine Arias Álvarez - Practicante SENA

No hay ítems disponibles.

Biblioteca FUSBC | Teléfono: (57+4) 349 88 10 Ext. 141| WhatsApp (+57) 3005338115 
E-mail: biblioteca@unisbc.edu.co | Calle 76 87-14 Robledo Palenque, Medellín, Colombia

Con tecnología Koha